000 00550nam a22002057a 4500
005 20210923053745.0
008 210923b ||||| |||| 00| 0 eng d
040 _cAL
041 _aeng
082 _223
_a920.02
_bBURL
100 _aJames MacGregor Burns
_9220
245 _aLeaders who changed the world
260 _aNew Dehi
_bViking
_c2003
300 _aix,319 p.
_bHB
_c25*16 cm.
365 _b495
_cRs
_d495
_f2013/03/24
500 _aHistory
650 _2American Leadership
700 _aBURNS (James MacGregor)
_9221
942 _2ddc
_cGF
999 _c216351
_d216351